| 000 | 00393nam a22001697a 4500 | ||
|---|---|---|---|
| 999 |
_c11578 _d11578 |
||
| 003 | OSt | ||
| 008 | 221007b ||||| |||| 00| 0 eng d | ||
| 020 | _a9789352705474 | ||
| 082 | _a616.07 MOP | ||
| 100 | _aMOHAN,Harsh | ||
| 245 | _aPATHOLOGY Quick Review | ||
| 250 | _a5th | ||
| 260 |
_aNew Delhi _bJaypee Brothers _c2019 |
||
| 300 | _a598 | ||
| 650 | _aPathophysiology | ||
| 942 |
_2ddc _cBK |
||